Sucho

Detektívny román

Bibliographic Details
Main Author: Creasey, John, 1908-1973 (Author)
Other Authors: Szabó, Dušan (Narrator)
Format: CD Audio
Language:Slovak
English
PhysicalDescription:1 elektronický optický disk (CD-ROM) digitál., MP3 12 cm
Published: Levoča Slovenská knižnica pre nevidiacich Mateja Hrebendu 2014
ISBN:9788018030509 (CDROM)
Subjects:

MARC

LEADER 00000nim a2200000 a 4500
001 vtls010603155
003 SK-MaSNL
005 20260301034820.0
007 sd fungnnmmned
008 160429s2014 xo nnnnfs f n slo
015 |a SNBJ2016 
020 |a 9788018030509 (CDROM) 
040 |a SNK  |b slo  |c SNK  |e AACR2 
041 1 |d slo  |h eng 
044 |a xo  |c SK 
072 7 |a 821.111-3  |x Anglická próza, anglicky písaná  |2 konspekt 
080 |a 821.111-31  |2 2011 
080 |a (0:82-312.4)  |2 2011 
080 |a (086.76)  |2 2011 
100 1 |a Creasey, John,  |d 1908-1973  |4 aut  |9 54183 
245 1 0 |a Sucho  |h elektronický zdroj  |c John Creasey ; číta: Dušan Szabó 
260 |a Levoča  |b Slovenská knižnica pre nevidiacich Mateja Hrebendu  |c 2014 
300 |a 1 elektronický optický disk (CD-ROM)  |b digitál., MP3  |c 12 cm 
306 |a 070000 
520 8 |a Detektívny román 
521 |a Pre nevidiacich, slabozrakých a inak zdravotne postihnutých 
655 7 |a anglické romány  |2 SNKPH  |9 70428 
655 7 |a detektívne romány  |2 SNKPH  |9 70455 
655 7 |a zvukové záznamy  |2 SNKPH  |9 70720 
655 7 |a CD-ROM  |2 SNKPH  |9 70236 
700 1 |a Szabó, Dušan  |4 nrt  |9 303426 
919 |a 978-80-18-03050-9 
958 |a SX 
958 |a LX 
958 |a UP 
999 |c 582613  |d 584543 
952 |a SNK  |b SNK  |y PREZ  |7 0  |p 17A1113799  |o snkSCD 3238  |i snk2014/15893  |8 0  |0 0  |1 0  |4 0  |d 2014-07-23  |l 0  |r 2026-02-23 14:57:20  |w 2026-02-23